| 000 | 00385nam a2200169Ia 4500 | ||
|---|---|---|---|
| 008 | 210210b1930 xxu||||| |||| 00| 0 eng d | ||
| 041 | _aeng | ||
| 082 | _a821/928 | ||
| 100 | _aNEWBOLT (H) | ||
| 245 | _aNine Modern Plays | ||
| 260 |
_aLondon _bThomas Nelson & Sons _c1930 |
||
| 650 | _aPlays | ||
| 650 | _aNine | ||
| 650 | _aModern | ||
| 690 | _aEnglish Drama | ||
| 906 | _a012094 | ||
| 999 |
_c130845 _d130845 |
||